Distribution par images - Adieu Paris - Statistiques

Statistiques générales
  • Ce quiz a été pris 32 fois
  • Le résultat moyen est 6 sur 9
Statistiques - réponses
Par images Hint Réponse % Correct
Michael Gérard Depardieu
96%
Isabelle Isabelle Nanty
93%
Benoït Benoît Poelvoorde
89%
Louki François Damiens
86%
Jacques Pierre Arditti
75%
Bertrand Daniel Prévost
68%
Enzo Bernard Le Coq
61%
Alain Jackie Berroyer
32%
Pierre-Henry Bernard Murat
21%
Aucun quiz correspondant
Distribution des résultats
% des personnes avec chaque résultat
Percentile par nombre de réponses
Votre historique - résultats
Vous n’avez pas pris ce quiz